000 01947nac a22003131u 4500
090 _c10239
008 081022t xxu||||| |||| 00| 0 eng d
010 _a97046926
020 _a9780136033370 :
020 _a0136033377 :
082 0 0 _a005.43
_bSTA
100 _aStallings, William.
245 0 0 _aOperating systems:
_bInternals and Design Principles /
_cWilliam Stallings.
250 _a6th ed.
_bPearson International Edition.
260 _aUpper Saddle River, N.J. :
_bPrentice Hall,2009.
_cc2009.
300 _axviii, 822 p. ;
_c24 cm.
500 _aDistributer: Bacca.
504 _aIncludes bibliographical references and index.
650 0 _aOperating systems (Computers)
942 _cBB
_k005.43STA
_2ddc
999 _c10239
_d10239